Internal security for civil services main examination / (Record no. 168548)

MARC details
000 -LEADER
fixed length control field 00635nam a22001937a 4500
005 - DATE AND TIME OF LATEST TRANSACTION
control field 20191015110743.0
010 ## - LCCN (DPL NO)
LC control number ENG-126657
020 ## - INTERNATIONAL STANDARD BOOK NUMBER
International Standard Book Number 9789353437701
Terms of availability 325.00
035 ## - SYSTEM CONTROL NUMBER
System control number EN-110189
037 ## - SOURCE OF ACQUISITION
Source of stock number/acquisition DBAD/PUB
082 ## - DEWEY DECIMAL CLASSIFICATION NUMBER
Classification number 340
100 ## - MAIN ENTRY--PERSONAL NAME
Personal name Karthikeyan, M.
245 ## - TITLE STATEMENT
Title Internal security for civil services main examination /
Statement of responsibility, etc by M.Karthikeyan
260 ## - PUBLICATION, DISTRIBUTION, ETC. (IMPRINT)
Place of publication, distribution, etc Noida
Name of publisher, distributor, etc Pearson India Education Services
Date of publication, distribution, etc 2019
270 ## - ADDRESS
Address 15th Floor, Tower-B, World Trade Tower, Plot No.1
City Block-C, Sector-16, Noida
Postal code 201301
300 ## - PHYSICAL DESCRIPTION
Extent various paging
Dimensions 22cm(pbk)
500 ## - GENERAL NOTE
General note Includes index
942 ## - ADDED ENTRY ELEMENTS (KOHA)
Source of classification or shelving scheme Dewey Decimal Classification
Item type English Books
Classification part 340
Call number suffix KAR
Holdings
Withdrawn status Lost status Not for loan Collection code Home library Current library Date acquired Source of acquisition Cost, normal purchase price Full call number Barcode Copy number Cost, replacement price Koha item type
      Non-fiction Bawana Bawana 15/10/2019 DBAD/PUB 325.00 340 KAR EN-110189 1 325.00 English Books

© Delhi Public Library
Hit Counter
free hit counter